Travels into several remote nations of the world. (Record no. 8179)
[ view plain ]
| 000 -LEADER | |
|---|---|
| fixed length control field | 01498cam a2200313 4500 |
| 001 - CONTROL NUMBER | |
| JCCL Control Number | 8179 |
| 003 - CONTROL NUMBER IDENTIFIER | |
| JCCL marc code | BD-JhCC |
| 005 - DATE AND TIME OF LATEST TRANSACTION | |
| control field | 20220118134020.0 |
| 008 - FIXED-LENGTH DATA ELEMENTS--GENERAL INFORMATION | |
| fixed length control field | 911107s1758 ie |||| s 00||||eng c |
| 035 ## - SYSTEM CONTROL NUMBER | |
| system control number | (BD-JhCC)8179 |
| 040 ## - CATALOGING SOURCE | |
| Original cataloging agency | Uk-ES |
| Transcribing agency | Uk-ES |
| Modifying agency | CU-RivES |
| -- | CStRLIN |
| -- | CU-RivES |
| -- | Cengage Gale |
| -- | BD-JhCC |
| 041 ## - LANGUAGE CODE | |
| Language code of Book | eng |
| 082 ## - DEWEY DECIMAL CLASSIFICATION NUMBER | |
| Author mark and Year | SWI 1758 |
| 091 ## - MICROFILM SHELF LOCATION (AM) [OBSOLETE] | |
| Microfilm shelf location | ecol |
| 100 1# - MAIN ENTRY--PERSONAL NAME | |
| Personal name | Swift, Jonathan, |
| Dates associated with a name | 1667-1745. |
| 240 10 - UNIFORM TITLE | |
| Uniform title | Gulliver's Travels |
| 245 10 - TITLE STATEMENT | |
| Title | Travels into several remote nations of the world. |
| Remainder of title | In four parts, viz. I. A voyage to Lilliput. II. A voyage to Brobdingnagg. III. A voyage to Laputa, Balnibarbi, Luggnagg, Glubbdubdrib, and Japan. IV. A voyage to the country of the Houyhnhnms. By Lemuel Gulliver, first a surgeon, and then captain of several ships. |
| 260 ## - PUBLICATION, DISTRIBUTION, ETC. (IMPRINT) | |
| Place of publication, distribution, etc | Dublin : |
| Name of publisher, distributor, etc | Printed for G. and A. Ewing, in Dame-street, |
| Date of publication, distribution, etc | MDCCLVIII. [1758] |
| 300 ## - PHYSICAL DESCRIPTION | |
| Pagination | viii,3-306 pages ; |
| Dimensions | 12p0s. |
| 500 ## - GENERAL NOTE | |
| General note | Lemuel Gulliver = Jonathan Swift. |
| 500 ## - GENERAL NOTE | |
| General note | Not in Teerink-Scouten |
| 500 ## - GENERAL NOTE | |
| General note | Reproduction of original from National Library of Ireland. |
| 510 4# - CITATION/REFERENCES NOTE | |
| Name of source | English Short Title Catalog, |
| Location within source | T208280. |
| 650 #0 - SUBJECT ADDED ENTRY--TOPICAL TERM | |
| Topical term or geographic name as entry element | Voyages, Imaginary |
| Form subdivision | Fiction. |
| 752 ## - ADDED ENTRY--HIERARCHICAL PLACE NAME | |
| Country or larger entity | Ireland |
| City | Dublin. |
| 856 40 - ELECTRONIC LOCATION AND ACCESS | |
| Uniform Resource Identifier | http://find.galegroup.com/ecco/infomark.do?contentSet=ECCOArticles&docType=ECCOArticles&bookId=1601101300&type=getFullCitation&tabID=T001&prodId=ECCO&docLevel=TEXT_GRAPHICS&version=1.0&source=library&userGroupName=nla |
| Public note | Full text online |
| 942 ## - ADDED ENTRY ELEMENTS (KOHA) | |
| Source of classification or shelving scheme | Dewey Decimal Classification |
| Koha item type | Books |
| Koha issues (borrowed), all copies | 2 |
| Source of classification or shelving scheme | Damaged status | Not for loan | Home library | Current library | Shelving location | Date of accession | Total Checkouts | Full call number | Barcode | Date last seen | Date checked out | Copy number | Koha item type |
|---|---|---|---|---|---|---|---|---|---|---|---|---|---|
| Dewey Decimal Classification | JCC Rouf Library | JCC Rouf Library | General Stacks | 07/22/2025 | 1 | SWI 1758 | 9295 | 07/22/2025 | 01/17/2022 | C - 1 | Books |